00781 2200253 4500001002100000005001700021008004100038035002400079090001800103100003700121245014500158250001000303260003400313300002800347650002600375700000600401850001200407990002100419990002100440990002100461999001500482999001500497999001500512YOGYA-0211000000277420161117124452.0 ind  0010-021100000002774 aDEP 510 Sub S aSubagio, Max; Kurniawan, Syaiful aSoal, penyelesaian dan rumus-rumus: analisa III defferensial parsiil integral berlipat dua dan tiga deretlcSubagio, Max; Kurniawan, Syaiful aCet.1 aYogyakartabAndi Offsetc1981 a152 hlm.: ilus.; 32 cm. aDifferensial integral a- aYOPDYOG aCB-D.11/1981-167 aCB-D.11/1981-173 aCB-D.11/1981-174 aD000001256 aI000017348 aI000017349